Normal view
MARC view
- Kittel, Charles
Entry Personal Name
001 - CONTROL NUMBER
- control field: 34447
003 - CONTROL NUMBER IDENTIFIER
- control field: NUST
005 - DATE AND TIME OF LATEST TRANSACTION
- control field: 20201023113236.0
008 - FIXED-LENGTH DATA ELEMENTS
- fixed length control field: 201023|| aca||aabn | a|a d
040 ## - CATALOGING SOURCE
- Original cataloging agency: NUST
- Transcribing agency: NUST
100 ## - HEADING--PERSONAL NAME
- Personal name: Kittel, Charles
670 ## - SOURCE DATA FOUND
- Source citation: Work cat.: (NUST)0: Kittel, Charles., Introduction to Solid State Physics , c2005.
